Three keys to spiritual renewal. (Record no. 13027)

000 -LEADER
fixed length control field 00585nam a2200193 a 4500
001 - CONTROL NUMBER
control field :::00010845$&:&@@
003 - CONTROL NUMBER IDENTIFIER
control field OkBaRHE
005 - DATE AND TIME OF LATEST TRANSACTION
control field 20000607103403.0
008 - FIXED-LENGTH DATA ELEMENTS--GENERAL INFORMATION
fixed length control field s1985 j 000 0 eng u
040 ## - CATALOGING SOURCE
Transcribing agency
100 1# - MAIN ENTRY--PERSONAL NAME
Personal name Pinnock, Clark H., 1937-
245 10 - TITLE STATEMENT
Title Three keys to spiritual renewal.
260 ## - PUBLICATION, DISTRIBUTION, ETC. (IMPRINT)
Place of publication, distribution, etc Minneapolis, MN., :
Name of publisher, distributor, etc Bethany House
Date of publication, distribution, etc c1985
300 ## - PHYSICAL DESCRIPTION
Extent 107 p. ;
Dimensions 21 cm.
650 ## - SUBJECT ADDED ENTRY--TOPICAL TERM
Topical term or geographic name as entry element Church Renewal
650 ## - SUBJECT ADDED ENTRY--TOPICAL TERM
Topical term or geographic name as entry element Spiritual Life
942 ## - ADDED ENTRY ELEMENTS (KOHA)
Source of classification or shelving scheme
Koha item type Books
Copies
Full call number Date acquired Date last seen Not for loan Permanent Location Damaged status Copy number Source of classification or shelving scheme Price effective from Barcode Withdrawn status Lost status Koha item type Shelving location
BV 4501.2 .P55432010-04-142010-04-14 RHEMA Bible Training College 1 2010-04-1410845  BooksGeneral Stacks